| 000 | 01201nam a22002057a 4500 | ||
|---|---|---|---|
| 999 |
_c59835 _d59835 |
||
| 003 | Ge_BSU | ||
| 005 | 20230426143945.0 | ||
| 008 | 230426s2007ge xxu||||| |||| 00| 0 geo d | ||
| 041 | _ageo | ||
| 080 | _a39(479.22)(092)+929(479.22) რ-71 | ||
| 100 |
_aრობაქიძე, ლინა, ავტორი. _917815 |
||
| 245 |
_aალექსი რობაქიძე, 100 წელი : _b [მოგონებები] / _cლინა რობაქიძე ; რედ. ვახტანგ შამილაძე ; დიზაინი დავით სულაქველიძე. |
||
| 264 |
_a[თბილისი], _c 2007. |
||
| 300 |
_a138 გვ. : _bფოტ. ; _c20 სმ. |
||
| 500 | _aყდაზე ავტორი მითითებული არ არის. ეძღვნება მეუღლის ხსოვნას. | ||
| 653 | _aქართველი ეთნოგრაფები | ||
| 653 | _aცნობილ ქართველ ადამიანთა ბიოგრაფიები | ||
| 700 |
_a შამილაძე, ვახტანგ _eრედაქტორი _917816 |
||
| 942 |
_2udc _cBK |
||